| 000 | 00431nam a2200157 a 4500 | ||
|---|---|---|---|
| 001 | 4127 | ||
| 003 | CDMR | ||
| 005 | 20131118123629.0 | ||
| 008 | 130130s1925||||||||||||||||||||||||||||d | ||
| 040 |
_aCDMR _bcat _cCDMR |
||
| 245 | 0 |
_aArxiu de la Premsa de Terrassa _b: Any I, número 1 |
|
| 260 |
_aTerrassa _c1925 _bImpremta Joan Morral |
||
| 300 | _a15 p. | ||
| 650 | 0 | 4 |
_94133 _aDiaris _xBibliografia _xCatàlegs _y1925 |
| 942 |
_cFULLET _2udc |
||
| 999 |
_c4127 _d4127 |
||